Zip! pop! hop! and other fun words to say / (Record no. 2081)

MARC details
000 -LEADER
fixed length control field 01215nam a2200313 a 4500
001 - CONTROL NUMBER
control field 2081
003 - CONTROL NUMBER IDENTIFIER
control field FISKH
005 - DATE AND TIME OF LATEST TRANSACTION
control field 20231106092740.0
008 - FIXED-LENGTH DATA ELEMENTS--GENERAL INFORMATION
fixed length control field 960313s1996 wiua a 000 1 eng
010 ## - LIBRARY OF CONGRESS CONTROL NUMBER
LC control number 95077082
020 ## - INTERNATIONAL STANDARD BOOK NUMBER
International Standard Book Number 033500987601
040 ## - CATALOGING SOURCE
Original cataloging agency DLC
Transcribing agency DLC
Language of cataloging eng
042 ## - AUTHENTICATION CODE
Authentication code lcac
050 00 - LIBRARY OF CONGRESS CALL NUMBER
Classification number PZ7.M929
Item number Zi 1996
082 00 - DEWEY DECIMAL CLASSIFICATION NUMBER
Classification number 428.1
Edition number 21
100 1# - MAIN ENTRY--PERSONAL NAME
Personal name Muntean, Michaela.
245 10 - TITLE STATEMENT
Title Zip! pop! hop! and other fun words to say /
Statement of responsibility, etc. by Michaela Muntean ; illustrated by David Prebenna.
260 ## - PUBLICATION, DISTRIBUTION, ETC.
Place of publication, distribution, etc. New York :
Name of publisher, distributor, etc. Golden Book,
Date of publication, distribution, etc. 1996.
300 ## - PHYSICAL DESCRIPTION
Extent 24 unnumbered pages :
Other physical details color illustrations ;
Dimensions 16 cm
505 ## - FORMATTED CONTENTS NOTE
Formatted contents note F<br/>
520 ## - SUMMARY, ETC.
Summary, etc. Elmo and his friends have lots of fun saying oodles of words with interesting sounds and which sometimes feel a little funny in the mouth such as pop, zip, hopscotch, growl, snip, gurgle, squiggly, tick tock, and lots more. There are giggles galore for babies and toddlers on every single.
521 8# - TARGET AUDIENCE NOTE
Target audience note 300<br/>
Source Lexile estimate<br/><br/>
521 8# - TARGET AUDIENCE NOTE
Target audience note F<br/>
Source Raz-Plus<br/>
650 #1 - SUBJECT ADDED ENTRY--TOPICAL TERM
Topical term or geographic name entry element Sounds, Words for
General subdivision Fiction.
650 #1 - SUBJECT ADDED ENTRY--TOPICAL TERM
Topical term or geographic name entry element Puppets
General subdivision Fiction.
700 1# - ADDED ENTRY--PERSONAL NAME
Personal name Prepenna, David,
Relator term illustrator
906 ## - LOCAL DATA ELEMENT F, LDF (RLIN)
a 7
b cbc
c orignew
d 2
e opcn
f 19
g y-gencatlg
942 ## - ADDED ENTRY ELEMENTS (KOHA)
Source of classification or shelving scheme Dewey Decimal Classification
Koha item type Books
Suppress in OPAC No
Holdings
Withdrawn status Lost status Source of classification or shelving scheme Damaged status Not for loan Collection Home library Current library Shelving location Date acquired Total Checkouts Full call number Barcode Date last seen Date last checked out Price effective from Koha item type
    Dewey Decimal Classification     Juvenile Fiction Footprints International School Library Network Toul Kork Campus Footprints International School Library Network Toul Kork Campus TK Primary Library Room(4th Floor), Bookcase 7, Shelves 57-60, Dark Green Books 11/03/2023 1 MUN 428.1 PZ7.M929 FISBK07129 03/14/2024 02/07/2024 11/03/2023 Books